1660 1373 1377 1482 1708 1186 1046 1395 1921 1567 1723 1226 1283 1679 1925 1432 1756 1098 1475 1419 1645 1954 1316 1148 1920 1598 1088 1632 1401 1278 1347 1910 1514 1235 1588 1173 1260 1925 1475 1815 1787 1037 1238 1246 1980 1965 1233 1429 1883 1738 1319 1703 1037 1156 1699 1908 1384 1361 1615 1260 1130 1921 1099 1112 1013 1451 1762 1912 1782 1312 1038 1967 1165 1044 1935 1374 1530 1429 1643 1611 1392 1988 1216 1954 1967 1479 1486 1428 1773 1431 1778 1772 1098 1937 1743 1397 1610 1289 1284 BCNSPRNW ULIB Ver.6.0+V

เปลี่ยนเป็นภาษาไทย

Change to English
 แสดงรายละเอียดบรรณานุกรม
  กลับหน้าหลัก

Brief Record : Get Marc (ISO 2709) : E-mail record : QR code < ปิดหน้าต่าง
LEADER : 00000nam 2200000uu 4500
001    13399123268
003     ULIB
008    140813s||||||||th 000 0 tha d
020    ^a9789741113941
060  4 ^aW84.6.JT3^bส179 ล.1
245 10 ^aสถานการณ์งานวิจัยและแนวทางการพัฒนากรอบการวิจัยเพื่อพัฒนาระบบบริการปฐมภูมิ เล่ม 1/^c[คณะผู้วิจัย สุพัตราศรีวณิชชากร...และคนอื่นๆ]
246 14 ^aสถานการณ์งานวิจัยและแนวทางการพัฒนากรอบการวิจัยเพื่อพัฒนาระบบบริการปฐมภูมิ.^nเล่ม 1
250    ^aพิมพ์ครั้งที่ 1
260    ^aนครปฐม :^bสำนักงานวิจัยและพัฒนาระบบสุขภาพชุมชน,^c2553
300    ^a130 หน้า :^bภาพประกอบ
490 0  ^aชุดรวมผลงานวิจัยของสำนักงานวิจัยและพัฒนาระบบสุขภาพชุมชนพ.ศ. 2550-2552 ;^vเล่มที่ 1
505 0  ^a^tรายงานสถานการณ์งานวิจัยฯ รายภาค - -^tรายงานสถานการณ์งานวิจัยด้านสถานการร์บริการประชาชน - -^tรายงานสถานการณ์งานวิจัยหมวดบริการ -- ^tรายงานสถานการณ์งานวิจัยหมวดบริหารจัดการและระบบสนับสนุน - -^tรายงานสถานการณ์งานวิจัยด้านสมรรถนะและบทบาทของบุคลากรสาธารณสุขในหน่วยบริการปฐมภูมิ - -^tรายงานสถานการณ์งานวิจัยด้านการทำงานชุมชน ท้องถิ่น
650  7 ^aปริการปฐมภูมิ(การแพทย์)^zไทย^xวิจัย^vรวมเรื่อง
650  7 ^aบริการทางการแพทย์^zไทย^xวิจัย^vรวมเรื่อง
700 0  ^aสุพัตรา ศรีวณิชชากร
710 2  ^aสำนักงานวิจัยและพัฒนาระบบสุขภาพชุมชน
856    ^zสถานการณ์งานวิจัย.pdf (Content)^uhttp://113.53.248.4/ULIB6//_fulltext/5/13399123268/20140813111246_4487.pdf
945    ^p0^l0^i034566
999    ^aเกษร โพธิ์สุวรรณ
รายการนี้ยังไม่มีแท็ก
คุณยังไม่ได้ล็อกอิน คุณสามารถมีกิจกรรมร่วมกับเว็บไซต์ได้ แต่ต้องล็อกอินก่อน ::
  ล็อกอิน

รายการสื่อสารสนเทศ

ลำดับที่ ประเภท เลขเรียก/บาร์โค้ด สถานที่ สถานะ
1. วิทยาศาสตร์การแพทย์ และสุขภาพ
หนังสือสำรอง
สถานะ=หนังสือสำรอง
W84.6.JT3 ส179 ล.1 ฉ.1 
  Barcode: 034566
ห้องสมุดวิทยาเขตสวรรค์ประชารักษ์
►ส่วนจัดเก็บหนังสือเก่า สปร
บนชั้น
  ขอยืม

BibComment


ยังไม่เคยถูกคอมเมนท์

คอมเมนท์ทรัพยากรรายการนี้
  คอมเมนท์: สถานการณ์งานวิจั..


 Copyright 2026. Bcnsprnw @Library